书目信息 |
| 题名: |
医学分子生物学理论与研究技术
|
|
| 作者: | 温进坤 , 韩梅 主编 | |
| 分册: | ||
| 出版信息: | 北京 科学出版社 2002.02 |
|
| 页数: | 504页 | |
| 开本: | 26cm | |
| 丛书名: | ||
| 单 册: | ||
| 中图分类: | R318 | |
| 科图分类: | ||
| 主题词: | 医药学: 分子生物学--研究 , 医药学 , 分子生物学 | |
| 电子资源: | ||
| ISBN: | 7-03-009886-2 | |
| 000 | 00897nam0 2200277 45 | |
| 001 | 012004000000 | |
| 005 | 20050629104436.55 | |
| 010 | @a7-03-009886-2@dCNY39.00 | |
| 100 | @a20050308e2002 em y0chiy0121 ea | |
| 101 | 0 | @achi |
| 102 | @aCN@b110000 | |
| 105 | @aak z 001yy | |
| 200 | 1 | @a医学分子生物学理论与研究技术@Ayi xue fen zi sheng wu xue li lun yu yan jiu ji shu@dTheory and technique of medical molecular biology@f温进坤, 韩梅主编@zeng |
| 205 | @a第2版 | |
| 210 | @a北京@c科学出版社@d2002.02@h2005重印 | |
| 215 | @a504页@c图, 表格@d26cm | |
| 320 | @a书末附索引 | |
| 510 | 1 | @aTheory and technique of medical molecular biology@zeng |
| 606 | 0 | @a医药学: 分子生物学@x研究 |
| 606 | 0 | @a医药学 |
| 606 | 0 | @a分子生物学 |
| 690 | @aR318@v4 | |
| 701 | 0 | @a温进坤@Awen jin kun@4主编 |
| 701 | 0 | @a韩梅@Ahan mei@4主编 |
| 801 | 0 | @aCN@bQSSKxf@c20050629 |
| 905 | @a10447@dR318@eW619 | |
| 医学分子生物学理论与研究技术=Theory and technique of medical molecular biology/温进坤, 韩梅主编.-第2版.-北京:科学出版社,2002.02(2005重印) |
| 504页:图, 表格;26cm |
| ISBN 7-03-009886-2:CNY39.00 |
| ● |
| 相关链接 |
|
|
|
正题名:医学分子生物学理论与研究技术
索取号:R318/W619
 
预约/预借
| 序号 | 登录号 | 条形码 | 馆藏地/架位号 | 状态 | 备注 |
| 1 | 442207 | 204422071 | 自科库401/401自科库 13排3列5层/ [索取号:R318/W619] | 在馆 | |
| 2 | 442208 | 204422080 | 自科库401/401自科库 13排3列5层/ [索取号:R318/W619] | 在馆 | |
| 3 | 442209 | 204422099 | 自科库401/401自科库 13排3列5层/ [索取号:R318/W619] | 在馆 |